| 000 | 00000nam##2200000za#4500 |
| 001 | 9.533623 |
| 003 | CaOODSP |
| 005 | 20210615083227 |
| 007 | ta |
| 008 | 150406|2001||||xxc||||| f|0| 0 fre|d |
| 020 | |a0-662-64786-6 |
| 022 | |a1203-8903 |
| 040 | |aCaOODSP|bfre |
| 041 | |aeng |
| 041 | |afre |
| 043 | |an-cn--- |
| 086 | 1 |aCH3-2/2001 |
| 110 | 1 |aCanada. |bPatrimoine canadien. |
| 245 | 10|aMinorités francophones : |bassimilation et vitalité des communautés / |cpar Michael O'Keefe. |
| 250 | |a2e édition. |
| 260 | |aOttawa - Ontario : |bPatrimoine canadien |c2001. |
| 300 | |aTexte français, 106p. : |bfigures, tableaux ; |c23 cm. |
| 490 | 1 |aNouvelles perspectives canadiennes|x1203-8903 |
| 500 | |a«Dans le présent document, nous tenterons d'examiner les concepts d'assimilation et de vitalité des communautés, de même que les données statistiques probantes sur la vitalité des communautés francophones hors Québec.»--Introduction. |
| 504 | |aBibliographie. |
| 520 | 3 |aDans le présent document, nous tenterons d'examiner les concepts d'assimilation et de vitalité des communautés, de même que les données statistiques probantes sur la vitalité des communautés francophones hors Québec.--Introduction |
| 546 | |aBilingue |
| 563 | |aCouverture souple |
| 590 | |a01-16|b2001-04-20 |
| 691 | 07|aFrancophonie|2gcpds |
| 691 | 07|aAcculturation|2gcpds |
| 691 | 07|aFrançais|2gcpds |
| 720 | 1 |aO'Keefe, Michael |
| 776 | 0#|tFrancophone minorities : |w(CaOODSP)9.571942 |
| 776 | 0#|tMinorités francophones : |w(CaOODSP)9.602361 |
| 791 | |tFrancophone minorities : |eeng|w(CaOODSP)9.533622 |
| 830 | #0|aNouvelles perspectives canadiennes,|x1203-8903|w(CaOODSP)9.509087 |